Modern chlor-alkali technology /

Bibliographic Details
Corporate Author: Society of Chemical Industry (Great Britain)
Other Authors: Coulter, M. O.
Format: Book
Language:English
Published: Chichester : Published for the Society of Chemical Industry by E. Horwood ; 1980-
Subjects:

MARC

Tag First Indicator Second Indicator Subfields
LEADER 00000cam a2200000 a 4500
001 in00000085430
005 20151008061459.0
008 820130m19809999enka b 00000 eng
010 |a  81131882  
015 |a GB*** 
020 |a 0470270055 (Halsted : v. 1) 
035 |a (OCoLC)07052285 
035 |9 AAJ8151AM 
039 0 |a 2  |b 3  |c 3  |d 3  |e 3 
040 |a DLC  |c DLC  |d TXA  |d UtOrBLW 
049 |a TXAM  |v 1 [1561293]  |v 2 [275100] 
050 0 0 |a TP245.C5  |b M63 
082 0 |a 661/.0732  |2 19 
245 0 0 |a Modern chlor-alkali technology /  |c editor, M.O. Coulter. 
264 1 |a Chichester :  |b Published for the Society of Chemical Industry by E. Horwood ;  |c 1980- 
264 2 |a New York, N.Y., U.S.A. :  |b Halsted [distributor], 
300 |a volumes :  |b illustrations ;  |c 24 cm. 
336 |a text  |b txt  |2 rdacontent 
337 |a unmediated  |b n  |2 rdamedia 
338 |a volume  |b nc  |2 rdacarrier 
500 |a Volume 2 edited by C. Jackson; contains papers presented at the International Chlorine Symposium held in London in June 1982. 
500 |a Volume 6- published for SCI by Royal Society of Chemistry. 
504 |a Includes bibliographical references. 
650 0 |a Chlorine industry. 
650 0 |a Alkali industry and trade. 
650 0 |a Electrochemistry, Industrial. 
700 1 |a Coulter, M. O. 
710 2 |a Society of Chemical Industry (Great Britain) 
999 |a MARS 
999 f f |s 227f34e4-d5d8-3193-84ff-45cbf32d4b30  |i 8b680eaf-3fee-3d60-ba4f-cd056aca6666  |t 0 
952 f f |p ric  |a Texas A&M University  |b Rellis Campus  |c Joint Library Facility  |d Remote Storage  |t 0  |e TP245.C5 M63  |h Library of Congress classification  |i unmediated -- volume  |k v.1  |m A14806256478 
952 f f |p ric  |a Texas A&M University  |b Rellis Campus  |c Joint Library Facility  |d Remote Storage  |t 0  |e TP245.C5 M63  |h Library of Congress classification  |i unmediated -- volume  |k v.7  |m A14824104491 
952 f f |p ric  |a Texas A&M University  |b Rellis Campus  |c Joint Library Facility  |d Remote Storage  |t 0  |e TP245.C5 M63  |h Library of Congress classification  |i unmediated -- volume  |k v.2  |m A14808893682 
998 f f |a TP245.C5 M63  |s v.1-v.2,v.7  |t 0  |l Remote Storage